| 000 | 01255nam0a22002651 4500 | ||
|---|---|---|---|
| 001 | rc\577644 | ||
| 005 | 20031121162809.9 | ||
| 035 | _a(NLR Aleph) 005825551 | ||
| 090 |
_a5525208 _c5525208 |
||
| 100 | _a20031121d1988 u |0rusy50 ca | ||
| 101 | 0 | _arus | |
| 102 | _aRU | ||
| 105 | _aa ||||||||| | ||
| 200 | 1 |
_aФИЗИЧЕСКАЯ география СССР _eМетод. указания для студентов-заочников геогр. фак. гос. ун-тов _fГос. ком. СССР по нар. образованию, Науч.-метод. каб. по заоч. и веч. обучению МГУ им. М.В. Ломоносова _g[Жучкова В.К. и др.] |
|
| 205 | _a5-е изд., испр. и доп. | ||
| 210 |
_aМ. _cИзд-во МГУ _d1988 |
||
| 215 |
_a63 с. _cграф. _d21 |
||
| 320 | _aБиблиогр. в конце разделов | ||
| 702 | 1 |
_aЖучкова _bВ. К. _gВера Капитоновна _4220 |
|
| 712 | 0 | 2 |
_aМГУ им. М.В.Ломоносова _bНауч.-метод. кабинет по заочному и вечернему обучению _3RU\NLR\AUTH\889933001 |
| 801 | 0 |
_aRU _bNLR _gpsbo |
|
| 801 | 1 |
_aRU _bELAR _2rusmarc |
|
| 852 |
_aNLR _j89-4/9437 |
||
| 942 | _cBOOK | ||
| 980 | _aNB | ||